Рост эффективности без инвестиций

Detaylı Bibliyografya
Yazar: Фетисов В. Д. Владимир Дмитриевич
Özet:Исключено из фонда НТБ ТПУ
Dil:Rusça
Baskı/Yayın Bilgisi: Москва, Экономика, 1988
Materyal Türü: MixedMaterials Kitap
KOHA link:https://koha.lib.tpu.ru/cgi-bin/koha/opac-detail.pl?biblionumber=121493

MARC

LEADER 00000nam0a2200000 4500
001 121493
005 20231031125416.0
010 |a 5282000598 
020 |a RU  |b 88-7158 
035 |a (RuTPU)RU\TPU\book\131571 
090 |a 121493 
100 |a 20070914d1988 k a0rusy5003 ca 
101 0 |a rus 
102 |a RU 
105 |a y z 000zy 
200 1 |a Рост эффективности без инвестиций  |f В. Д. Фетисов 
210 |a Москва  |c Экономика  |d 1988 
215 |a 93,[2] с.  |c схем.  |d 20 см 
333 |a Исключено из фонда НТБ ТПУ 
700 1 |a Фетисов  |b В. Д.  |g Владимир Дмитриевич  |4 070 
801 0 |a RU  |b RuMRKP  |c 19950417  |g psbo 
801 1 |a RU  |b 63413507  |c 20070914  |g PSBO 
801 2 |a RU  |b 63413507  |c 20161107  |g PSBO 
942 |c BK